000 00650nam a22002297a 4500
003 UA-OsUOA
001 61255
007 ta
008 20090623b un ||||| |||| 00| 0 ukr d
090 _a2(038)
_bС48
942 _cBK
040 _aUA-OsUOA
_brus
_cUA-OsUOA
_dUA-OsUOA
245 _aСловарь религии. Иудаизм.Христианство.Ислам
_cПод ред. В. Зюбера.,Ж.Потэна
300 _a656 с.
955 _a2
041 _arus
080 _a2(038)
020 _a978-5-469-00867-5
260 _aСПб
_bПитер
_c2008
650 7 _a2 Релігія. Теологія.
_2UDC
999 _c347160
_d347160